00655 2200229 4500001002100000005001700021008004100038035002400079082001700103090002500120245007000145250001100215260007000226300001800296650001900314700002300333700001800356850001500374980001500389985000600404999001500410YOGYA-0209000003630020090227025116.0 ind  0010-020900000036300 a929.20992332 a929.20992332bSillT aSilsilah dari Bimacalih aksara, Aliuddin Mahyudin, Siti Nurbaiti aCet. 1 aJakartabProyek Penerbitan buku sastra Indonesia dan daerahc1984 a84 hlmc21 cm aBima - Sejarah aMahyudin, Aliuddin aSiti Nurbaiti aYOPDYOG(B) a11-07-2006 a1 aA000001739